Responses for show #352 - Tuesday, January 14, 1986

Contestants

Phyllis Grinnell, a housewife from New York City, New York

Gardner Stern, a marketing consultant originally from Chicago, Illinois (whose 1-day cash winnings total $12,600)

Nancy Smith, a lawyer originally from Gainesville, Florida (whose 1-day cash winnings total $12,600)

Jeopardy! Round responses

BEASTLY QUOTES
TELEVISION
SCIENCE
BUSINESS & INDUSTRY
AROUND THE HOUSE
"SICK"
    $100 1
cow

Gardner
    $100 2
[ERRATUM] Alex correctly read "it" where "in" appeared in the clue.

Love

Gardner
    $100 8
man

Nancy
    $100 17
[The audience groaned and laughed at the wording of the clue.]
...
(Alex: By the way, I just want to make one point here that I have made on a number of occasions this season. I do not write the answers; I just read them.)

Chef Boyardee

Nancy
    $100 26
doormat

Nancy
    $100 14
homesick

Phyllis
    $200 4
bee

Nancy
    $200 3
Cagney & Lacey

Nancy
    $200 9
Drake

Nancy
    $200 21
Woolworths

Gardner
    $200 27
[Alex read "poker" draw and corrected himself mid clue.]

refrigerator

Nancy
    $200 15
seasick

Phyllis
    $300 5
fleas

Triple Stumper
    $300 11
(Gardner: What is Captain Midnight?)

Captain Gallant

Gardner
Triple Stumper
    $300 10
nursing

Gardner
    $300 22
Amelia Earhart

Phyllis
    $300 28
8 feet

Gardner
    $300 16
sickle

Gardner
    $400 6
albatross

Phyllis
    $400 12
Ed Sullivan

Nancy
    $400 19
sleet

Phyllis
    $400 23
MacArthur

Phyllis
    $400 18
"Sick And Tired"

Triple Stumper
    $500 7
monkey

Triple Stumper
    $500 13
(Nancy: What is "Mr. Peepers"?)

Ozzie & Harriet

Nancy
Triple Stumper
    $500 25
(Phyllis: What is South America?)

North America

Phyllis
Triple Stumper
    $500 24
(Gardner: What is a submarine?)

water-cooled computer

Gardner
Triple Stumper
    $500 20
sick bay

Gardner

Scores at the first commercial break (after clue 13):

Nancy Gardner Phyllis
$600 $200 $400

Scores at the end of the Jeopardy! Round:

Nancy Gardner Phyllis
$1,000 $1,000 $1,300

Double Jeopardy! Round responses

17th CENTURY
SPORTS
ANATOMICAL MYTHS
LEGAL LINGO
THE BIBLE
"WELL"
    $200 15
dodo

Nancy
    $200 2
surfing

Gardner
    $200 14
cutting it

Nancy
    $200 1
annulment

Phyllis
    $200 8
I shall not want

Nancy
    $200 22
(Nancy: What is well-shod?)

well-heeled

Nancy
Triple Stumper
    $400 16
advertisement

Gardner
    $400 3
gauntlet

Nancy
    $400 17
double-jointed

Nancy
    $400 4
abet

Phyllis
    $400 9
(Gardner: What are the Ten Commandments?)

ten plagues

GardnerPhyllis
    $400 23
All's Well That Ends Well

Nancy
    $600 18
multiplication

Phyllis
    $600 5
Liverpool

Triple Stumper
    $600 19
nerve

Triple Stumper
    $600 13
extradition

Gardner
    $600 10
Armageddon

Nancy
    $800 27
(Gardner: What is St. Peter's Cathedral?)
(Alex: Thaaat's. No.)
(Phyllis: What is the Vatican?)

St. Peter's Basilica

GardnerPhyllis
Triple Stumper
    $800 6
basketball

Phyllis
    $700 20
(Phyllis: On your palate?)
(Alex: Phrase it.)
(Phyllis: Uh, on your soft palate?)

roof of your mouth or back of the throat

Phyllis
    $800 25
high seas

Triple Stumper
    $800 11
Damascus

Nancy
    $1000 26
Covent Garden

Phyllis
    $1000 7
sailing

Phyllis
    $1000 21
(Nancy: What is calcium?)

tooth enamel

Nancy
Triple Stumper
    $1000 24
(Gardner: What is habeas corpus?)

their own recognizance

NancyGardner
    $1000 12
Jesus wept.

Triple Stumper

Scores at the end of the Double Jeopardy! Round:

Nancy Gardner Phyllis
$4,000 $0 $4,200

[wagering suggestions for these scores]

Final Jeopardy! Round responses

VICE PRESIDENTS
NancyTruman, White
$4,000
PhyllisWho were Truman & Wallace
$4,100
(2 of) Harry S. Truman, Henry A. Wallace, and John Nance Garner

Final scores:

Nancy Gardner Phyllis
$0 $0 $8,300
2nd place: Frigidaire electric range & Le Creuset cookware 3rd place: Noritake dinnerware New champion: $8,300

Game dynamics:

Coryat scores:

Nancy Gardner Phyllis
$4,000 $0 $4,900
17 R,
3 W
10 R,
5 W
13 R,
3 W
(including 1 DD)

Combined Coryat: $8,900

The J! Archive is created by fans, for fans. The Jeopardy! game show and all elements thereof, including but not limited to copyright and trademark thereto, are the property of Jeopardy Productions, Inc. and are protected under law. This website is not affiliated with, sponsored by, or operated by Jeopardy Productions, Inc. Join the discussion at JBoard.tv.